00459nam a22001577a 450000500170000000800410001702200180005804100120007608200140008810000120010224500730011425000180018726000460020530000250025165000250027620250723124256.0250723b |||||||| |||| 00| 0 eng d a9780702182112 aEnglish a347.1 GRA lEnglish aThe Fundamental Principles of Effective Trail Advocacy /cGravett WH aFirst Edition aCape Town: bJuta and Company Ltd, c2009 b175 pages; c25 cm.  aLegal practice bLaw